000 00688nam a22002057a 4500
005 20161201075927.0
008 161201b1993 mx ||||| |||| 001 0dspa d
020 _a9684525125
050 0 4 _aKGF5866
_bG37 1993
100 1 _aGarcía Ramírez, Sergio,
_eautor
245 1 0 _aProceso penal y derechos humanos /
_cSergio García Ramírez.
250 _aSegunda edición
260 _aMéxico :
_bPorrúa : Universidad Nacional Autónoma de México,
_cc1993
300 _axi, 410 páginas ;
_c24 cm.
504 _aBibliografía : p. 389-404
504 _aIncluye índice
650 7 _2lemb
_aDerechos humanos
_zMéxico
650 7 _2lemb
_aProcedimiento penal
_zMéxico
942 _2lcc
_cLIB
999 _c122590
_d122590